[Event "DEM U14w 2023"]
[Site "Willingen GER"]
[Date "2023.05.31"]
[Round "5"]
[White "Lorenz, Rebecca"]
[Black "Abram, Kristina-Maria"]
[Result "0-1"]
[Termination "normal"]
[Board "12"]
[WhiteElo "770"]
[BlackElo "1228"]
[WhiteClock "00:18:15"]
[BlackClock "00:47:34"]
[PlyCount "64"]
[WhiteFideId "34610944"]
[BlackFideId "16298349"]
[EventCountry "GER"]
[EventRounds "9"]
[EventType "swiss"]
[EventDate "2023.05.27"]

1. e4 {[%clk 01:30:59]} b6 {[%clk 01:30:52]} {[%emt 00:00:08]} 2. d4 {[%clk
01:28:53]} {[%emt 00:02:36]} Bb7 {[%clk 01:31:13]} {[%emt 00:00:09]} 3. Nc3
{[%clk 01:26:49]} {[%emt 00:02:35]} e6 {[%clk 01:31:29]} {[%emt 00:00:14]} 4.
Be3 {[%clk 01:22:23]} {[%emt 00:04:56]} Bb4 {[%clk 01:30:56]} {[%emt 00:01:02]}
5. d5 {[%clk 01:19:34]} {[%emt 00:03:20]} exd5 {[%clk 01:31:07]} {[%emt
00:00:18]} 6. exd5 {[%clk 01:18:22]} {[%emt 00:01:42]} Nf6 {[%clk 01:31:01]}
{[%emt 00:00:36]} 7. Bc4 {[%emt 00:04:48]} Ne4 {[%clk 01:30:08]} {[%emt
00:01:20]} 8. Qd3 {[%clk 01:08:30]} {[%emt 00:06:05]} Qe7 {[%clk 01:26:37]}
{[%emt 00:04:02]} 9. Nge2 {[%clk 01:04:41]} {[%emt 00:04:18]} O-O {[%clk
01:26:06]} {[%emt 00:01:03]} 10. O-O {[%clk 01:02:01]} {[%emt 00:02:45]} Nc5
{[%clk 01:25:26]} {[%emt 00:01:34]} 11. Qd4 {[%clk 00:57:49]} {[%emt 00:04:34]}
d6 {[%clk 01:24:46]} {[%emt 00:01:18]} 12. a3 {[%clk 00:56:56]} {[%emt
00:01:19]} Bxc3 {[%clk 01:24:33]} {[%emt 00:00:48]} 13. Qxc3 {[%clk 00:54:25]}
{[%emt 00:03:02]} c6 {[%clk 01:23:05]} {[%emt 00:01:56]} 14. Rad1 {[%clk
00:50:12]} {[%emt 00:04:38]} b5 {[%clk 01:20:35]} {[%emt 00:03:06]} 15. Ba2
{[%clk 00:46:44]} {[%emt 00:03:56]} Nbd7 {[%clk 01:17:00]} {[%emt 00:04:06]}
16. Rfe1 {[%clk 00:45:40]} {[%emt 00:01:33]} Nb6 {[%clk 01:16:18]} {[%emt
00:01:13]} 17. Ng3 {[%clk 00:41:58]} {[%emt 00:04:00]} Nca4 {[%clk 01:11:19]}
{[%emt 00:05:43]} 18. Qd4 {[%clk 00:36:12]} {[%emt 00:06:08]} c5 {[%clk
01:09:37]} {[%emt 00:02:19]} 19. Qd3 {[%clk 00:35:39]} {[%emt 00:00:58]} Nxb2
{[%emt 00:02:51]} 20. Qxb5 {[%clk 00:30:06]} {[%emt 00:05:58]} Nxd1 {[%clk
01:05:13]} {[%emt 00:02:44]} 21. Rxd1 {[%clk 00:29:50]} {[%emt 00:00:46]} Qe5
{[%clk 01:00:27]} {[%emt 00:05:06]} 22. c4 {[%clk 00:28:50]} {[%emt 00:01:38]}
f5 {[%clk 00:56:42]} {[%emt 00:04:13]} 23. Nf1 {[%clk 00:25:11]} {[%emt
00:04:09]} f4 {[%clk 00:55:01]} {[%emt 00:02:10]} 24. Bd2 {[%clk 00:24:13]}
{[%emt 00:01:31]} f3 {[%clk 00:52:19]} {[%emt 00:03:12]} 25. Re1 {[%clk
00:22:34]} {[%emt 00:02:09]} Qh5 {[%clk 00:51:16]} {[%emt 00:01:21]} 26. Bc3
{[%clk 00:20:24]} {[%emt 00:02:50]} fxg2 {[%clk 00:50:33]} {[%emt 00:01:13]}
27. Kxg2 {[%clk 00:20:27]} {[%emt 00:00:28]} Qf3+ {[%clk 00:49:01]} {[%emt
00:01:58]} 28. Kg1 {[%clk 00:20:23]} {[%emt 00:00:38]} Qxf2+ {[%clk 00:48:49]}
{[%emt 00:00:43]} 29. Kh1 {[%clk 00:20:38]} {[%emt 00:00:13]} Qxa2 {[%clk
00:48:47]} {[%emt 00:00:34]} 30. Ne3 {[%clk 00:19:11]} {[%emt 00:01:57]} Rf2
{[%clk 00:47:16]} {[%emt 00:01:51]} 31. Qb1 {[%clk 00:17:59]} {[%emt 00:01:52]}
Rxh2+ {[%clk 00:47:17]} {[%emt 00:00:28]} 32. Kg1 {[%clk 00:18:15]} {[%emt
00:00:13]} Qf2# {[%clk 00:47:34]} {[%emt 00:00:12]} 0-1

[Event "DEM U14w 2023"]
[Site "Willingen GER"]
[Date "2023.05.31"]
[Round "5"]
[White "Rabe, Elina"]
[Black "Ignatova, Gabriela"]
[Result "1/2-1/2"]
[Termination "normal"]
[Board "13"]
[WhiteElo "1066"]
[BlackElo "1146"]
[WhiteClock "00:44:53"]
[BlackClock "01:02:01"]
[PlyCount "58"]
[WhiteFideId "34623531"]
[BlackFideId "34623698"]
[EventCountry "GER"]
[EventRounds "9"]
[EventType "swiss"]
[EventDate "2023.05.27"]

1. d4 {[%clk 01:30:58]} {[%emt 00:00:03]} d5 {[%clk 01:30:53]} {[%emt
00:00:05]} 2. Nc3 {[%clk 01:31:23]} {[%emt 00:00:06]} Nf6 {[%clk 01:31:10]}
{[%emt 00:00:13]} 3. Bf4 {[%clk 01:31:42]} {[%emt 00:00:10]} Bf5 {[%clk
01:31:07]} {[%emt 00:00:33]} 4. f3 {[%clk 01:31:54]} {[%emt 00:00:19]} e6
{[%clk 01:31:13]} {[%emt 00:00:24]} 5. g4 {[%clk 01:32:00]} {[%emt 00:00:26]}
Bg6 {[%clk 01:31:09]} {[%emt 00:00:32]} 6. h4 {[%clk 01:32:04]} {[%emt
00:00:26]} h5 {[%clk 01:31:16]} {[%emt 00:00:23]} 7. g5 {[%clk 01:32:02]}
{[%emt 00:00:33]} Nfd7 {[%clk 01:31:20]} {[%emt 00:00:24]} 8. e3 {[%clk
01:31:38]} {[%emt 00:00:55]} Bb4 {[%clk 01:30:59]} {[%emt 00:00:50]} 9. Qd2
{[%clk 01:31:43]} {[%emt 00:00:26]} c5 {[%clk 01:29:49]} {[%emt 00:01:40]} 10.
a3 {[%clk 01:31:27]} {[%emt 00:00:47]} Ba5 {[%clk 01:29:37]} {[%emt 00:00:41]}
11. dxc5 {[%clk 01:29:42]} {[%emt 00:02:14]} e5 {[%clk 01:21:47]} {[%emt
00:08:21]} 12. Bg3 {[%clk 01:24:01]} {[%emt 00:06:11]} Nxc5 {[%clk 01:15:08]}
{[%emt 00:07:09]} 13. b4 {[%clk 01:21:54]} {[%emt 00:02:37]} d4 {[%clk
01:13:42]} {[%emt 00:01:56]} 14. Na2 {[%clk 01:14:04]} {[%emt 00:08:21]} Bc7
{[%clk 01:10:51]} {[%emt 00:03:20]} 15. bxc5 {[%clk 01:05:37]} {[%emt
00:08:57]} f5 {[%emt 00:05:57]} 16. c3 {[%clk 01:01:32]} {[%emt 00:00:03]} dxc3
{[%clk 01:04:45]} {[%emt 00:05:41]} 17. Qxd8+ {[%clk 01:01:42]} {[%emt
00:00:20]} Kxd8 {[%clk 01:04:56]} {[%emt 00:00:19]} 18. Nxc3 {[%clk 01:01:47]}
{[%emt 00:00:25]} Ba5 {[%clk 01:05:14]} {[%emt 00:00:12]} 19. Bxe5 {[%clk
01:01:02]} {[%emt 00:01:14]} Nd7 {[%clk 01:04:02]} {[%emt 00:01:42]} 20. Bxg7
{[%clk 01:00:43]} {[%emt 00:00:49]} Re8 {[%clk 01:04:10]} {[%emt 00:00:23]} 21.
Bd4 {[%clk 00:53:58]} {[%emt 00:07:15]} Kc7 {[%clk 01:03:01]} {[%emt 00:01:39]}
22. Kd2 {[%clk 00:51:03]} {[%emt 00:03:24]} Rad8 {[%clk 01:03:04]} {[%emt
00:00:27]} 23. Bb5 {[%clk 00:49:33]} {[%emt 00:01:59]} a6 {[%clk 01:01:33]}
{[%emt 00:02:03]} 24. Bxd7 {[%clk 00:49:21]} {[%emt 00:00:42]} Rxd7 {[%clk
01:01:39]} {[%emt 00:00:22]} 25. Nge2 {[%clk 00:49:09]} {[%emt 00:00:42]} Bf7
{[%clk 01:01:23]} {[%emt 00:00:46]} 26. Rhb1 {[%clk 00:46:17]} {[%emt
00:03:20]} Bd5 {[%clk 01:01:30]} {[%emt 00:00:25]} 27. f4 {[%clk 00:45:14]}
{[%emt 00:01:34]} Bf3 {[%clk 01:01:40]} {[%emt 00:00:19]} 28. Rb3 {[%clk
00:44:32]} {[%emt 00:01:12]} Bxe2 {[%clk 01:01:38]} {[%emt 00:00:32]} 29. Kxe2
{[%clk 00:44:53]} {[%emt 00:00:10]} Rxd4 {[%clk 01:02:01]} {[%emt 00:00:06]}
1/2-1/2

[Event "DEM U14w 2023"]
[Site "Willingen GER"]
[Date "2023.05.31"]
[Round "6"]
[White "Trunz, Tamila"]
[Black "Haug, Mara"]
[Result "1-0"]
[Termination "normal"]
[Board "2"]
[WhiteElo "1697"]
[BlackElo "1754"]
[WhiteClock "00:03:54"]
[BlackClock "00:02:19"]
[PlyCount "85"]
[WhiteFideId "16267885"]
[BlackFideId "16259300"]
[EventCountry "GER"]
[EventRounds "9"]
[EventType "swiss"]
[EventDate "2023.05.27"]

1. e4 {[%clk 01:30:59]} {[%emt 00:00:01]} c5 {[%clk 01:30:54]} {[%emt
00:00:06]} 2. Nf3 {[%clk 01:31:20]} {[%emt 00:00:08]} Nc6 {[%clk 01:31:18]}
{[%emt 00:00:07]} 3. Bb5 {[%clk 01:31:45]} {[%emt 00:00:05]} g6 {[%clk
01:31:39]} {[%emt 00:00:09]} 4. Bxc6 {[%clk 01:31:24]} {[%emt 00:00:51]} dxc6
{[%clk 01:31:59]} {[%emt 00:00:09]} 5. d3 {[%clk 01:27:04]} {[%emt 00:04:51]}
Bg7 {[%clk 01:32:21]} {[%emt 00:00:08]} 6. e5 {[%clk 01:23:35]} {[%emt
00:03:59]} Bg4 {[%clk 01:29:14]} {[%emt 00:03:37]} 7. Bf4 {[%clk 01:22:38]}
{[%emt 00:01:27]} Qc7 {[%clk 01:08:06]} {[%emt 00:21:37]} 8. Nbd2 {[%clk
01:21:34]} {[%emt 00:01:34]} e6 {[%clk 01:04:02]} {[%emt 00:04:35]} 9. Nc4
{[%clk 01:13:46]} {[%emt 00:08:18]} O-O-O {[%clk 00:46:15]} {[%emt 00:18:16]}
10. Nd6+ {[%clk 01:11:27]} {[%emt 00:02:49]} Kb8 {[%clk 00:46:37]} {[%emt
00:00:09]} 11. h3 {[%clk 01:10:09]} {[%emt 00:01:47]} Bxf3 {[%clk 00:46:59]}
{[%emt 00:00:09]} 12. Qxf3 {[%clk 01:10:29]} {[%emt 00:00:09]} Rf8 {[%clk
00:41:40]} {[%emt 00:05:46]} 13. g4 {[%clk 01:00:40]} {[%emt 00:10:23]} Ne7
{[%clk 00:35:37]} {[%emt 00:06:33]} 14. O-O-O {[%clk 00:51:45]} {[%emt
00:09:24]} Nc8 {[%clk 00:33:09]} {[%emt 00:02:57]} 15. Nc4 {[%clk 00:46:34]}
{[%emt 00:05:42]} Ka8 {[%clk 00:24:43]} {[%emt 00:08:56]} 16. Qe3 {[%clk
00:43:12]} {[%emt 00:03:52]} b6 {[%clk 00:21:07]} {[%emt 00:04:07]} 17. Rhe1
{[%clk 00:35:38]} {[%emt 00:08:03]} h5 {[%clk 00:19:32]} {[%emt 00:02:05]} 18.
Qe4 {[%clk 00:23:13]} {[%emt 00:12:56]} Bh6 {[%clk 00:18:36]} {[%emt 00:01:25]}
19. g5 {[%clk 00:18:24]} {[%emt 00:05:20]} Bg7 {[%clk 00:18:57]} {[%emt
00:00:08]} 20. a4 {[%clk 00:16:34]} {[%emt 00:02:20]} Ne7 {[%clk 00:17:32]}
{[%emt 00:01:54]} 21. Kd2 {[%clk 00:15:20]} {[%emt 00:01:45]} Nf5 {[%clk
00:16:42]} {[%emt 00:01:20]} 22. Ra1 {[%clk 00:12:50]} {[%emt 00:03:01]} Kb7
{[%clk 00:16:54]} {[%emt 00:00:18]} 23. a5 {[%clk 00:12:21]} {[%emt 00:00:59]}
Rd8 {[%clk 00:13:24]} {[%emt 00:03:59]} 24. Ra3 {[%clk 00:11:04]} {[%emt
00:01:48]} Ra8 {[%clk 00:11:31]} {[%emt 00:02:21]} 25. Rea1 {[%clk 00:09:30]}
{[%emt 00:02:06]} Rhd8 {[%clk 00:10:35]} {[%emt 00:01:25]} 26. Be3 {[%clk
00:05:33]} {[%emt 00:04:27]} Bf8 {[%clk 00:04:46]} {[%emt 00:06:20]} 27. Rb3
{[%clk 00:05:47]} {[%emt 00:00:16]} Nd4 {[%clk 00:02:52]} {[%emt 00:02:24]} 28.
Bxd4 {[%clk 00:05:08]} {[%emt 00:01:08]} Rxd4 {[%clk 00:03:19]} {[%emt
00:00:03]} 29. Qf3 {[%clk 00:04:50]} {[%emt 00:00:48]} Qd7 {[%clk 00:01:22]}
{[%emt 00:02:25]} 30. Kc1 {[%clk 00:04:54]} {[%emt 00:00:27]} b5 {[%clk
00:01:31]} {[%emt 00:00:23]} 31. Rxb5+ {[%clk 00:04:45]} {[%emt 00:00:39]} Kc7
{[%clk 00:01:12]} {[%emt 00:00:47]} 32. Rb3 {[%clk 00:04:49]} {[%emt 00:00:27]}
Rb8 {[%clk 00:01:00]} {[%emt 00:00:42]} 33. Rxb8 {[%clk 00:05:08]} {[%emt
00:00:11]} Kxb8 {[%clk 00:01:28]} {[%emt 00:00:01]} 34. Ra3 {[%clk 00:04:56]}
{[%emt 00:00:43]} Be7 {[%clk 00:01:49]} {[%emt 00:00:08]} 35. a6 {[%clk
00:03:13]} {[%emt 00:02:14]} Bxg5+ {[%clk 00:02:07]} {[%emt 00:00:12]} 36. Kb1
{[%clk 00:03:40]} {[%emt 00:00:03]} Kc8 {[%clk 00:00:44]} {[%emt 00:01:54]} 37.
Rb3 {[%clk 00:03:42]} {[%emt 00:00:27]} Bd8 {[%clk 00:01:03]} {[%emt 00:00:11]}
38. Nd6+ {[%clk 00:03:46]} {[%emt 00:00:26]} Rxd6 {[%clk 00:01:22]} {[%emt
00:00:11]} 39. exd6 {[%clk 00:04:11]} {[%emt 00:00:05]} Qxd6 {[%clk 00:01:44]}
{[%emt 00:00:08]} 40. Qxf7 {[%clk 00:04:19]} {[%emt 00:00:22]} Bb6 {[%clk
00:01:36]} {[%emt 00:00:38]} 41. Qb7+ {[%clk 00:03:27]} {[%emt 00:01:21]} Kd8
{[%clk 00:02:00]} {[%emt 00:00:07]} 42. Rxb6 {[%clk 00:03:32]} {[%emt
00:00:25]} axb6 {[%clk 00:02:19]} {[%emt 00:00:11]} 43. a7 {[%clk 00:03:54]}
{[%emt 00:00:07]} 1-0

[Event "DEM U14w 2023"]
[Site "Willingen GER"]
[Date "2023.05.31"]
[Round "6"]
[White "Richter, Johanna"]
[Black "Moldovan, Tatiana"]
[Result "0-1"]
[Termination "normal"]
[Board "3"]
[WhiteElo "1431"]
[BlackElo "1405"]
[WhiteClock "00:02:42"]
[BlackClock "00:19:35"]
[PlyCount "80"]
[WhiteFideId "16278925"]
[BlackFideId "16287398"]
[EventCountry "GER"]
[EventRounds "9"]
[EventType "swiss"]
[EventDate "2023.05.27"]

1. d4 {[%clk 01:30:59]} Nf6 {[%clk 01:30:52]} {[%emt 00:00:09]} 2. g3 {[%clk
01:31:25]} {[%emt 00:00:04]} e6 {[%clk 01:31:07]} {[%emt 00:00:14]} 3. Bg2
{[%clk 01:31:52]} {[%emt 00:00:04]} Nc6 {[%clk 01:30:43]} {[%emt 00:00:55]} 4.
Nf3 {[%clk 01:31:48]} {[%emt 00:00:33]} b6 {[%clk 01:30:14]} {[%emt 00:01:00]}
5. O-O {[%clk 01:31:05]} {[%emt 00:01:13]} Bb7 {[%clk 01:30:33]} {[%emt
00:00:10]} 6. c4 {[%clk 01:30:30]} {[%emt 00:01:05]} Be7 {[%clk 01:26:02]}
{[%emt 00:05:01]} 7. a3 {[%clk 01:29:34]} {[%emt 00:01:26]} d5 {[%clk
01:25:14]} {[%emt 00:01:18]} 8. Nc3 {[%clk 01:27:27]} {[%emt 00:02:37]} O-O
{[%clk 01:19:50]} {[%emt 00:05:54]} 9. cxd5 {[%clk 01:25:33]} {[%emt 00:02:25]}
exd5 {[%clk 01:20:07]} {[%emt 00:00:13]} 10. b4 {[%clk 01:21:45]} {[%emt
00:04:18]} Ne4 {[%clk 01:16:26]} {[%emt 00:04:11]} 11. Qb3 {[%clk 01:15:45]}
{[%emt 00:06:29]} Nxc3 {[%clk 01:15:58]} {[%emt 00:00:59]} 12. Qxc3 {[%clk
01:13:09]} {[%emt 00:03:06]} Bf6 {[%clk 01:16:20]} {[%emt 00:00:08]} 13. e3
{[%clk 01:10:00]} {[%emt 00:03:39]} Re8 {[%clk 01:11:56]} {[%emt 00:04:54]} 14.
Bb2 {[%clk 01:07:31]} {[%emt 00:02:58]} Ne7 {[%clk 01:08:54]} {[%emt 00:03:33]}
15. Rac1 {[%clk 01:06:10]} {[%emt 00:01:50]} c6 {[%clk 01:09:11]} {[%emt
00:00:14]} 16. Qb3 {[%clk 01:04:16]} {[%emt 00:02:23]} a5 {[%clk 01:06:14]}
{[%emt 00:03:28]} 17. Bc3 {[%clk 00:51:50]} {[%emt 00:12:51]} a4 {[%clk
01:04:28]} {[%emt 00:02:20]} 18. Qc2 {[%clk 00:51:02]} {[%emt 00:01:10]} Nc8
{[%clk 01:02:59]} {[%emt 00:02:07]} 19. Rfd1 {[%clk 00:49:11]} {[%emt
00:02:21]} Nd6 {[%clk 01:02:30]} {[%emt 00:00:59]} 20. Bb2 {[%clk 00:46:31]}
{[%emt 00:03:10]} Nc4 {[%clk 01:01:04]} {[%emt 00:01:56]} 21. Ne1 {[%clk
00:37:45]} {[%emt 00:09:05]} h6 {[%clk 00:57:44]} {[%emt 00:04:01]} 22. Nd3
{[%clk 00:32:35]} {[%emt 00:05:40]} Bc8 {[%clk 00:49:41]} {[%emt 00:08:34]} 23.
Nf4 {[%clk 00:29:15]} {[%emt 00:03:49]} g5 {[%clk 00:35:38]} {[%emt 00:14:34]}
24. Nd3 {[%emt 00:09:20]} Bf5 {[%clk 00:28:49]} {[%emt 00:06:24]} 25. Qe2
{[%clk 00:18:36]} {[%emt 00:02:41]} Qd7 {[%clk 00:26:16]} {[%emt 00:03:35]} 26.
Rc2 {[%clk 00:12:00]} {[%emt 00:07:03]} Nxb2 {[%clk 00:24:05]} {[%emt
00:02:44]} 27. Rxb2 {[%clk 00:12:15]} {[%emt 00:00:15]} Bxd4 {[%clk 00:24:18]}
{[%emt 00:00:17]} 28. Rc2 {[%clk 00:12:09]} {[%emt 00:00:36]} Bg7 {[%clk
00:22:43]} {[%emt 00:02:05]} 29. Rdc1 {[%clk 00:08:44]} {[%emt 00:03:55]} Rac8
{[%clk 00:22:01]} {[%emt 00:01:11]} 30. f3 {[%emt 00:02:57]} Bd4 {[%emt
00:03:13]} 31. Nf2 {[%emt 00:01:21]} Bxc2 {[%emt 00:01:07]} 32. Qxc2 {[%emt
00:00:18]} Bxe3 {[%clk 00:21:07]} {[%emt 00:00:09]} 33. Kh1 {[%clk 00:02:44]}
{[%emt 00:01:21]} Bxc1 {[%clk 00:21:26]} {[%emt 00:00:10]} 34. Bh3 {[%clk
00:03:09]} {[%emt 00:00:04]} Qe7 {[%clk 00:20:00]} {[%emt 00:01:54]} 35. Bxc8
{[%clk 00:03:10]} {[%emt 00:00:33]} Qe1+ {[%clk 00:19:53]} {[%emt 00:00:35]}
36. Kg2 {[%clk 00:03:38]} {[%emt 00:00:03]} Rxc8 {[%clk 00:19:27]} {[%emt
00:00:56]} 37. Qf5 {[%clk 00:03:22]} {[%emt 00:00:45]} Re8 {[%clk 00:19:19]}
{[%emt 00:00:38]} 38. Ng4 {[%clk 00:02:58]} {[%emt 00:00:55]} Re2+ {[%clk
00:19:34]} {[%emt 00:00:15]} 39. Nf2 {[%emt 00:00:14]} Qxf2+ {[%emt 00:00:30]}
40. Kh3 {[%clk 00:02:42]} {[%emt 00:00:02]} h5 {[%clk 00:19:35]} {[%emt
00:00:29]} 0-1

[Event "DEM U14w 2023"]
[Site "Willingen GER"]
[Date "2023.05.31"]
[Round "6"]
[White "Neininger, Sarah"]
[Black "Müller, Cosima"]
[Result "1/2-1/2"]
[Termination "normal"]
[Board "4"]
[WhiteElo "1512"]
[BlackElo "1521"]
[WhiteClock "00:14:37"]
[BlackClock "00:06:25"]
[PlyCount "68"]
[WhiteFideId "16287410"]
[BlackFideId "34601490"]
[EventCountry "GER"]
[EventRounds "9"]
[EventType "swiss"]
[EventDate "2023.05.27"]

1. e4 {[%clk 01:30:58]} {[%emt 00:00:01]} c5 {[%clk 01:30:57]} {[%emt
00:00:03]} 2. Nf3 {[%clk 01:31:20]} {[%emt 00:00:09]} Nc6 {[%clk 01:31:24]}
{[%emt 00:00:04]} 3. d4 {[%clk 01:31:43]} {[%emt 00:00:06]} cxd4 {[%clk
01:31:50]} {[%emt 00:00:03]} 4. Nxd4 {[%clk 01:32:07]} {[%emt 00:00:07]} g6
{[%clk 01:32:16]} {[%emt 00:00:04]} 5. c4 {[%clk 01:32:30]} {[%emt 00:00:07]}
Bg7 {[%clk 01:32:41]} {[%emt 00:00:05]} 6. Be3 {[%clk 01:32:53]} {[%emt
00:00:06]} Nf6 {[%clk 01:33:06]} {[%emt 00:00:05]} 7. Nc3 {[%clk 01:33:16]}
{[%emt 00:00:07]} O-O {[%clk 01:33:22]} {[%emt 00:00:15]} 8. Be2 {[%clk
01:33:41]} {[%emt 00:00:05]} d6 {[%clk 01:33:41]} {[%emt 00:00:11]} 9. f3
{[%clk 01:34:04]} {[%emt 00:00:07]} Bd7 {[%clk 01:30:31]} {[%emt 00:03:37]} 10.
Qd2 {[%clk 01:34:21]} {[%emt 00:00:15]} Rc8 {[%clk 01:26:19]} {[%emt 00:04:41]}
11. O-O-O {[%clk 01:29:05]} {[%emt 00:05:47]} Nxd4 {[%clk 01:21:22]} {[%emt
00:05:27]} 12. Bxd4 {[%clk 01:29:11]} {[%emt 00:00:25]} Be6 {[%clk 01:19:42]}
{[%emt 00:02:10]} 13. Kb1 {[%clk 01:22:13]} {[%emt 00:07:28]} Bxc4 {[%clk
01:16:00]} {[%emt 00:04:11]} 14. g4 {[%clk 01:19:34]} {[%emt 00:03:09]} Bxe2
{[%clk 01:01:07]} {[%emt 00:15:24]} 15. Nxe2 {[%clk 01:16:26]} {[%emt
00:03:37]} b5 {[%clk 00:57:40]} {[%emt 00:03:58]} 16. h4 {[%clk 01:14:21]}
{[%emt 00:02:34]} h5 {[%clk 00:57:33]} {[%emt 00:00:37]} 17. gxh5 {[%clk
01:13:31]} {[%emt 00:01:20]} Nxh5 {[%clk 00:57:14]} {[%emt 00:00:49]} 18. Bxg7
{[%clk 01:12:11]} {[%emt 00:01:50]} Kxg7 {[%clk 00:55:42]} {[%emt 00:02:02]}
19. f4 {[%clk 01:02:56]} {[%emt 00:09:45]} e6 {[%clk 00:40:56]} {[%emt
00:15:16]} 20. f5 {[%clk 00:46:41]} {[%emt 00:16:45]} exf5 {[%clk 00:39:23]}
{[%emt 00:02:04]} 21. exf5 {[%clk 00:46:41]} {[%emt 00:00:29]} Qf6 {[%clk
00:38:00]} {[%emt 00:01:52]} 22. Qd4 {[%clk 00:39:40]} {[%emt 00:07:31]} Rfd8
{[%clk 00:18:01]} {[%emt 00:20:29]} 23. fxg6 {[%clk 00:36:15]} {[%emt
00:03:56]} fxg6 {[%clk 00:15:02]} {[%emt 00:03:28]} 24. Rhf1 {[%clk 00:32:20]}
{[%emt 00:04:21]} Qe5 {[%clk 00:13:32]} {[%emt 00:02:05]} 25. Qxa7+ {[%clk
00:24:59]} {[%emt 00:07:52]} Kh6 {[%clk 00:13:14]} {[%emt 00:00:46]} 26. Rf7
{[%clk 00:20:51]} {[%emt 00:04:38]} Qe4+ {[%clk 00:12:44]} {[%emt 00:01:00]}
27. Ka1 {[%clk 00:21:13]} {[%emt 00:00:09]} Rh8 {[%clk 00:12:55]} {[%emt
00:00:19]} 28. Qe7 {[%clk 00:18:37]} {[%emt 00:02:59]} Qxe7 {[%clk 00:08:29]}
{[%emt 00:05:04]} 29. Rxe7 {[%clk 00:19:03]} {[%emt 00:00:04]} Rhe8 {[%clk
00:07:53]} {[%emt 00:01:05]} 30. Rxe8 {[%clk 00:18:33]} {[%emt 00:01:01]} Rxe8
{[%clk 00:08:19]} {[%emt 00:00:03]} 31. Nc3 {[%clk 00:18:13]} {[%emt 00:00:48]}
b4 {[%clk 00:07:46]} {[%emt 00:01:05]} 32. Nb5 {[%clk 00:17:35]} {[%emt
00:01:05]} Re4 {[%clk 00:06:52]} {[%emt 00:01:25]} 33. Nxd6 {[%clk 00:16:52]}
{[%emt 00:01:15]} Rxh4 {[%clk 00:06:27]} {[%emt 00:00:56]} 34. Kb1 {[%clk
00:14:37]} {[%emt 00:02:45]} Ng3 {[%clk 00:06:25]} {[%emt 00:00:31]} 1/2-1/2